Acuerdos de Paz: Reflexiones en torno al Acuerdo sobre identidad y Derechos de los Pueblos Indígenas /

Kaydedildi:
Detaylı Bibliyografya
Yazar: Pérez, Justo
Materyal Türü: Metin
Etiketler: Etiketle
Etiket eklenmemiş, İlk siz ekleyin!

MARC

LEADER 00000 a a2200000 04500
001 45210
003
040
100 |a Pérez, Justo  
245 |a Acuerdos de Paz:   |b Reflexiones en torno al Acuerdo sobre identidad y Derechos de los Pueblos Indígenas /  |c Justo Pérez  
773 |g páginas 89-97  
999 |c 25649  |d 25649